Culture Générale - Série 1530 - Statistiques

Statistiques générales
  • Ce quiz a été pris 128 fois
  • Le résultat moyen est 6 sur 10
Statistiques - réponses
Question Réponse % Correct
Quel État est appelé le "pays du Soleil-Levant" ? Japon
96%
Quelle est la plus grande île de la Méditerranée ? Sicile
92%
Quel produit d'entretien dit-on "passer", quand on réprimande quelqu'un ? savon
86%
A qui doit-on l'invention du paratonnerre Benjamin Franklin
79%
A quel écrivain français, prénommé Jacques, doit-on le poème qui débute par : "Notre Père qui êtes aux cieux, restez-y !" ? Jacques Prévert
70%
Au bout de combien d'années célèbre-t-on ses noces de perle ? 30
62%
En 1980, quelle actrice incarne "La Banquière", dans un film de Francis Girod ? Romy Schneider
51%
Comment nomme-t-on les caractères de l'ancien alphabet des langues germaniques, parfois utilisés en divination ? runes
38%
Quelle interprète de la chanson "Kids in America" revient avec l'album "Come Out and Play", en 2010 ? Kim Wilde
21%
Sous quel pseudonyme Charles Lutwidge Dodgson était-il mieux connu ? Lewis Carroll
4%
Aucun quiz correspondant
Distribution des résultats
% des personnes avec chaque résultat
Percentile par nombre de réponses
Votre historique - résultats
Vous n’avez pas pris ce quiz